| 000 | 01466 a2200277 4500 | ||
|---|---|---|---|
| 999 |
_c5920 _d5920 |
||
| 020 | _a9789221206361 | ||
| 020 | _a922120636X | ||
| 050 | 0 | 0 | _aT55INT2009 |
| 245 | 1 | 0 |
_aILO standards on occupational safety and health : _bpromoting a safe and healthy working environment / _cInternational Labour Office. |
| 250 | _a1st ed. | ||
| 264 |
_aGeneva : _bInternational Labour Office, _c2009 |
||
| 300 |
_axiv, 162 p. : _bill. |
||
| 500 | _aGeneral survey concerning the Occupational Safety and Health Convention, 1981 (No. 155), the Occupational Safety and Health Recommendation, 1981 (No. 164), and the Protocol of 2002 to the Occupational Safety and Health Convention, 1981. | ||
| 500 | _aReport of the Committee of Experts on the Application of Conventions and Recommendations (articles 19, 22 and 35 of the Constitution). | ||
| 504 | _aIncludes bibliographical references. | ||
| 504 | _aIncludes bibliographical references. | ||
| 650 | 0 | _aIndustrial safety | |
| 650 | 0 | _aIndustrial hygiene | |
| 650 | 0 |
_aIndustrial safety _xLaw and legislation |
|
| 650 | 0 |
_aIndustrial hygiene _xLaw and legislation |
|
| 650 | 0 |
_aWork environment _xSafety measures |
|
| 710 | 2 | _aInternational Labour Office. | |
| 856 | 4 | 1 |
_uhttp://www.ilo.org/wcmsp5/groups/public/---ed_norm/---relconf/documents/meetingdocument/wcms_103485.pdf _zConnect to online resource |
| 942 |
_2lcc _cBK _h55 _iINT _kT |
||